[Event "FIDE WCC 2018"]
[Site "Khanty-Mansiysk"]
[Date "2018.11.14"]
[Round "4.3"]
[White "Kosteniuk, Alexandra"]
[Black "Muzychuk, Anna"]
[Result "1-0"]
[WhiteElo "2543"]
[BlackElo "2564"]
[Annotator "TA"]
[PlyCount "129"]
[EventDate "2018.11.03"]
[EventType "k.o."]
[EventCountry "RUS"]
[SourceTitle "playchess.com"]
[Source "ChessBase"]
[SourceQuality "1"]

{[%evp 36,129,9,8,52,17,45,20,23,13,16,0,14,9,37,-17,28,25,74,67,74,58,59,39,52,16,35,0,0,0,0,-97,-27,-93,-76,-104,-52,-23,57,59,93,101,254,0,0,0,808,808,737,703,703,686,763,559,559,559,547,500,572,576,571,534,1386,1341,1073,504,458,0,960,912,985,977,6490,6083,29965,29962,29976,29977,29977,6378,29979,29980,29980,29981,29981,29982,29982,29983,29981,29980,29986,29987,29990,29991,29991,29992]} 1. e4 c5 2. Nf3 Nc6 3. d4 cxd4 4. Nxd4 Nf6 5. Nc3 e5 6. Ndb5 d6 7. Bg5 a6 8. Na3 b5 9. Nd5 Be7 10. Bxf6 Bxf6 11. c3 Rb8 12. Nc2 Bg5 13. Be2 O-O 14. O-O Be6 15. Qd3 a5 16. Rfd1 Ne7 {B33: Sicilian: Pelikan and Sveshnikov Variations} 17. Nxe7+ Bxe7 18. Ne3 Qd7 19. Nd5 {[#] LiveBook: 5 Games} Rfd8 $146 ({Predecessor:} 19... Bd8 20. Rd2 b4 21. cxb4 axb4 22. Qb3 Bb6 23. Nxb6 Rxb6 {½-½ (53) Zagrebelny,S (2505)-Rogozenco,D (2555) Kolkata 1999}) 20. Qg3 Qa7 21. Rd2 b4 22. Rad1 bxc3 23. Nxc3 h6 24. b3 Qc5 25. Na4 (25. Rd3 $14) 25... Qa7 26. Bg4 Qc7 27. Bxe6 fxe6 28. Qg4 Qc8 $1 29. Rd3 d5 $1 30. Qg6 {[%cal Re4d5]} Bf6 31. Rg3 $40 {[%mdl 128] Hoping for Qxf6. White is up to no good.} Qc2 {[%cal Rc2d1]} 32. Rf1 Kh8 33. Qf7 (33. Rc3 $11 Qxa2 34. Nc5) 33... d4 ({Worse is} 33... Qxa2 34. Nc5 $16) (33... dxe4 34. Rc3 $15) (33... Rbc8 $1 $17 34. Nb6 Rc7) 34. Rh3 (34. Rf3 $1 $11 {remains equal.} Rf8 35. Qxe6) 34... Rf8 $1 $17 {[%cal Rf8f7]} ({Reject} 34... Qxe4 $6 35. Rxh6+ $1 {[%mdl 512]} gxh6 36. Qxf6+ Kh7 37. Qf7+ Kh8 38. Qf6+ Kh7 39. Qf7+ Kh8 40. Qf6+ $11) 35. Qxe6 d3 ({But not} 35... Qxa2 $6 36. Nb6 $11) (35... Rbc8 $17 {aiming for ...d3.} 36. Qd6 Bg5) 36. Qc4 $1 $15 Rbc8 (36... Rfd8 $11 37. Qe6 Rf8) 37. Qxd3 $14 {Nb6 is the strong threat.} Qxa2 38. Nb6 Rc2 $2 {[#]} (38... Rcd8 $16 {was worth a try.} 39. Nd5 Be7) 39. Qd6 $2 ({Only move:} 39. Nd7 $1 $18 {[%cal Rd7f8]} Rd8 40. Qb5) 39... Be7 $1 $11 {[%cal Re7d6]} 40. Qxe7 Rcxf2 $2 {[%mdl 8192]} (40... Rfxf2 $11 41. Rxf2 Rxf2) 41. Qxf8+ $18 Rxf8 42. Rxf8+ Kh7 43. Rf1 Qc2 {and the idea ...Qc5+ leaves Black hopeful.} 44. Kh1 Qxe4 45. Rg3 Qd4 46. Na4 h5 47. h3 e4 48. Re1 g6 49. Rge3 Qb4 50. Rc1 (50. Nc3 $142 Qxb3 51. Nxe4) 50... Qd2 51. Rce1 Qb4 $1 52. Nb2 Kh6 53. Nd1 a4 54. bxa4 Qxa4 55. Nf2 Qc2 56. Nxe4 Qa2 57. Kh2 (57. h4 $142 Qc4 58. g3 Qc2 59. Ng5 Qc6+ 60. Kh2 Qf6 61. R1e2 Qf8 62. Re8) 57... Qa5 58. h4 {White mates.} Qe5+ 59. g3 Qb5 60. Ng5 Qf5 61. Nh3 Qg4 62. Nf4 g5 63. Re6+ Kh7 64. Re7+ Kg8 65. Rc7 {Precision: White = 43%, Black = 30%.} 1-0

[Event "FIDE WCC 2018"]
[Site "Khanty-Mansiysk"]
[Date "2018.11.14"]
[Round "4.3"]
[White "Abdumalik, Zhansaya"]
[Black "Muzychuk, Mariya"]
[Result "0-1"]
[WhiteElo "2473"]
[BlackElo "2545"]
[Annotator "TA"]
[PlyCount "148"]
[EventDate "2018.11.03"]
[EventType "k.o."]
[EventCountry "RUS"]
[SourceTitle "playchess.com"]
[Source "ChessBase"]
[SourceQuality "1"]

{[%evp 21,148,0,0,-2,-7,-8,6,6,8,0,23,0,0,0,0,0,0,-32,0,3,35,-35,0,-44,-13,-26,-12,-20,-4,-1,0,-44,8,-65,0,0,0,0,0,0,0,0,0,0,12,11,54,0,0,-11,-12,-9,0,-24,-24,-24,-24,-63,-8,-14,0,0,0,-7,0,0,-2,-8,0,-6,-10,-14,-14,-20,0,-169,-162,-160,-143,-129,-41,-47,-49,-57,-61,-585,-570,-497,-500,-1675,-1697,-1094,-1102,-1077,-897,-5043,-6053,-1222,-671,-608,-591,-560,-224,-596,-517,-12838,-12838,-12837,-12836,-12845,-12846,-12846,-12847,-12847,-12845,-12845,-12846,-12846,-12847,-12847,-12847,-12847,-12847,-12850,-12848,-29982,-29983,-29983,-29984]} 1. e4 c6 2. d4 d5 3. Nd2 dxe4 4. Nxe4 Bf5 5. Ng3 Bg6 6. h4 h6 7. Nh3 Nf6 8. Nf4 {B18: Classical Caro-Kann: 4...Bf5 sidelines} Bh7 9. c3 e6 10. Bd3 (10. Nfh5 Nbd7 11. Bc4 Rg8 12. Qf3 Bd6 13. Bf4 Bxf4 14. Qxf4 {0-1 (51) Sychev,K (2534)-Artemiev,V (2706) Sochi 2018}) 10... Bxd3 11. Qxd3 Nbd7 {LiveBook: 7 Games} 12. Bd2 Bd6 13. Nfh5 Nxh5 14. Nxh5 g6 15. Ng3 $146 Nf6 16. Ne2 Qa5 17. Qf3 Qf5 18. Qxf5 gxf5 19. f3 Ke7 20. Kf2 Nh5 21. c4 (21. g4 $14 fxg4 22. fxg4) 21... Rag8 22. Rh3 f4 23. b4 Rg6 24. Rhh1 Rhg8 25. Rhg1 Kd7 26. Kf1 Be7 (26... e5 $15) 27. Be1 (27. Bxf4 $11 Bxh4 28. Rh1 Ng3+ 29. Nxg3 Bxg3 30. Bxg3 Rxg3 31. Rh2) 27... Ng3+ (27... Rd8 $15) 28. Nxg3 $11 fxg3 29. Rh1 h5 30. Ke2 Rf6 31. Bd2 Rf5 32. a4 a6 33. Kd3 Kc7 34. Rh3 ({Better is} 34. a5 $14) 34... Rd8 35. Re1 b5 36. axb5 axb5 37. Re4 bxc4+ 38. Kxc4 Bd6 39. Rh1 Rb5 (39... Ra8 $15) 40. Ra1 Rdb8 {[%cal Rd6b4]} 41. Ra7+ R8b7 42. Rxb7+ Rxb7 {[%mdl 4096] Endgame KRB-KRB} 43. Re1 Ra7 44. Kb3 Ra8 45. Rh1 Kb6 46. Rf1 Kb5 47. f4 Ra4 {[%cal Rd6b4]} 48. f5 $2 {[#]} (48. Re1 $11 {and White is okay.}) 48... Bxb4 $19 49. fxe6 fxe6 50. Bc1 Bd6 (50... Ba5 $17 51. Rd1 c5) 51. Bb2 $1 $15 c5 52. dxc5 Bxc5 53. Bf6 $2 {[%mdl 8192]} (53. Re1 $15) 53... Ra3+ $19 54. Kb2 Re3 55. Kc2 (55. Rb1 $142 Re2+ 56. Kc3+ Kc6 57. Rb2) 55... Re2+ 56. Kd3 Rxg2 57. Rb1+ {[#]} Kc6 $1 58. Rc1 Kd5 59. Re1 Ra2 60. Re5+ Kd6 61. Rg5 Ra3+ (61... g2 $142 62. Be5+ Kc6) 62. Kc4 $2 (62. Ke4 {was the crucial defense.}) 62... Ra4+ 63. Kb3 (63. Kd3 $142 Kc6 64. Rxg3 Ra3+ 65. Bc3) 63... Rg4 64. Be5+ Ke7 65. Rxg4 hxg4 66. Bxg3 {KB-KB} Bd6 67. Bf2 Bh2 68. Kc3 g3 69. Bc5+ Kf6 70. Bd6 e5 71. h5 g2 72. Bc5 g1=Q 73. Bxg1 Bxg1 74. Kd3 Bd4 {Precision: White = 34%, Black = 54%.} 0-1

[Event "FIDE WCC 2018"]
[Site "Khanty-Mansiysk"]
[Date "2018.11.14"]
[Round "4.4"]
[White "Muzychuk, Anna"]
[Black "Kosteniuk, Alexandra"]
[Result "1/2-1/2"]
[WhiteElo "2564"]
[BlackElo "2543"]
[Annotator "TA"]
[PlyCount "167"]
[EventDate "2018.11.03"]
[EventType "k.o."]
[EventCountry "RUS"]
[SourceTitle "playchess.com"]
[Source "ChessBase"]
[SourceQuality "1"]

{[%evp 15,167,49,33,29,55,20,21,13,33,39,34,32,50,42,58,62,75,52,150,158,147,162,228,206,218,189,267,271,243,194,194,188,199,192,188,85,84,88,89,78,78,72,125,117,100,0,0,0,0,0,91,75,107,132,125,116,222,168,208,188,188,115,105,104,108,114,104,117,118,124,111,97,159,0,0,0,96,96,74,30,147,18,29,0,2,1,10,0,0,0,0,0,15,0,0,-8,0,0,0,0,0,0,0,0,0,-8,-8,-8,-8,-8,-8,-45,0,0,0,0,0,0,0,0,0,0,0,0,0,0,0,0,0,-8,0,-8,0,0,0,0,0,-352,-327,-291,0,-85,0,-256,0,-79,-79,-319,-8,-8,0,-295,0,-8]} 1. f4 d5 2. Nf3 Nf6 3. g3 g6 4. Bg2 Bg7 5. O-O O-O 6. d3 Nc6 7. c3 d4 {A03: Bird's Opening with 1...d5} 8. e4 dxe3 {LiveBook: 3 Games} 9. Bxe3 Nd5 $146 {White has an edge.} ({Predecessor:} 9... Bf5 10. d4 Qc8 11. Re1 Rd8 12. Nbd2 Ng4 13. Qe2 a5 14. Nc4 Nxe3 15. Qxe3 {0-1 (36) Tudela Corbalan,C (2175)-Vorobiov,E (2584) La Roda 2017}) 10. Qe2 (10. Bf2 {is more complex.} Bg4 11. d4 Qc8 12. Re1 Rd8 13. Nbd2) 10... Nxe3 11. Qxe3 Bf5 12. d4 {[%cal Bd3d4,Bd4d5][%mdl 32]} Qd7 13. Nbd2 Rad8 14. Nb3 b6 {[#]} 15. d5 $1 $36 {[%mdl 2560] White has good play.} Nb8 (15... Qxd5 16. Nfd4) 16. Ne5 Bxe5 (16... Qc8 $1 $14) 17. fxe5 $16 {[%cal Bf4e5,Be5e6][%mdl 32]} ({Don't do} 17. Qxe5 $6 c5 $14) 17... c5 18. Rf4 f6 (18... Na6 {was necessary.} 19. g4 Bxg4) 19. e6 $18 Qd6 20. Nd2 b5 (20... Qe5 $142 21. Nc4 Qxe3+ 22. Nxe3 Bd3) 21. a4 a6 22. c4 Qe5 23. Qxe5 ({Don't take} 23. Qxc5 Qxb2 24. Rd1 bxa4 $16) 23... fxe5 24. Rf2 Bxe6 25. axb5 (25. Rxf8+ $18 {is more deadly.} Kxf8 26. dxe6 (26. axb5 axb5 27. dxe6 Rxd2 $16) 26... Rxd2 27. axb5) 25... Rxf2 $16 26. Kxf2 axb5 27. Ra8 bxc4 28. Nxc4 Rf8+ (28... Bf5 $142) 29. Ke3 Bf5 30. g4 (30. Nxe5 $16 Nd7 31. Rxf8+ Nxf8 32. Kf4) 30... Bxg4 $11 31. Nxe5 Bf5 32. Ra7 Re8 (32... Kg7 $1 $11 {remains equal.}) 33. Bf1 $16 {[%mdl 1024] Threatens to win with Bb5. White has strong compensation.} Kf8 34. Bb5 Rd8 35. Rb7 $1 Bh3 (35... Kg7 $16) 36. Kf4 Bf5 37. h4 Bh3 38. Kg5 ({White should try} 38. Kg3 $18 Bf5 39. d6 $1 {[%mdl 512]} Rxd6 40. Rxb8+ Kg7 41. Bc4) 38... Rxd5 39. Rxb8+ Kg7 {And now ...Rd4 would win.} 40. Kf4 Rd4+ 41. Kg3 Be6 42. Rb6 Bf5 43. Bc6 Rd2 (43... Kf6 $142) 44. Nf3 $2 ({Better is} 44. Bf3 $16) 44... Rd6 $11 45. Ne5 Kf6 (45... Rd2 $1 $11) 46. Nc4 $16 Rd3+ 47. Kf2 e6 (47... Rd4 $11) 48. Bf3 (48. Rb5 $16) 48... Rd4 $11 49. Be2 Rxh4 50. Rc6 h5 51. Rxc5 Rh2+ 52. Ke1 h4 53. Ne3 h3 54. Nf1 (54. Rc4 {feels hotter.} Kg5 55. Rc8 Rh1+ 56. Nf1 Rg1 57. Kf2) 54... Rg2 55. Rc8 Kg7 56. Rc7+ Kh6 57. Rc8 Kg7 58. Rc7+ Kh6 59. b4 h2 60. Nxh2 Rxh2 {[%mdl 4096] Endgame KRB-KRB} 61. b5 Rh1+ 62. Kd2 Rb1 63. Ke3 e5 64. Re7 Rb3+ 65. Kd2 Rb2+ 66. Ke3 Rb3+ 67. Kf2 e4 {White must now prevent ...Kg5.} 68. Bc4 Rb4 69. Rc7 Kg5 {...Kf4 is the strong threat.} 70. Ke3 Kf6 71. Kd2 Be6 72. Be2 Rb2+ 73. Ke3 Ke5 74. Rc5+ Kd6 75. Rc6+ Ke5 76. Bf1 $2 {[%mdl 8192]} (76. Rc5+ $11 Kd6 77. Rc6+ Kd7 78. Bc4 Bxc4 79. Rxc4) 76... Rb3+ $19 77. Kd2 {aiming for Rxe6+!} Rb2+ $2 (77... Bf5 $1 $19 {and Black stays clearly on top.} 78. Kc2 Rb4) 78. Ke3 $17 Rb3+ $2 (78... Rb4 $17 79. Be2 g5 80. Rc5+ Bd5) 79. Kd2 $1 $19 {[#] Strongly threatening Rxe6+!} Rb2+ $2 (79... Bf5 $1 $19 80. Kc2 Rf3) 80. Kc3 {[#]} (80. Ke3 $11) 80... Rb1 $1 $17 {[%cal Rb1f1]} 81. Rc5+ $2 (81. Be2 $17) 81... Kd6 $2 (81... Kf4 $19 82. Be2 Ke3) 82. Rc6+ $11 Ke5 $2 {[%mdl 8192]} (82... Kd7 $11 83. Be2 g5) 83. Rc5+ $1 $19 Kd6 $2 ({Black should play} 83... Kf4 $19 84. Rc6 Bf5) 84. Rc6+ {Precision: White = 55%, Black = 42%.} 1/2-1/2

[Event "FIDE WCC 2018"]
[Site "Khanty-Mansiysk"]
[Date "2018.11.14"]
[Round "4.4"]
[White "Muzychuk, Mariya"]
[Black "Abdumalik, Zhansaya"]
[Result "0-1"]
[WhiteElo "2545"]
[BlackElo "2473"]
[Annotator "TA"]
[PlyCount "180"]
[EventDate "2018.11.03"]
[EventType "k.o."]
[EventCountry "RUS"]
[SourceTitle "playchess.com"]
[Source "ChessBase"]
[SourceQuality "1"]

{[%evp 19,180,1,18,-25,-20,-28,-14,-23,0,0,0,0,0,-56,-52,-71,-52,-94,-90,-97,-97,-97,-102,-95,-104,-130,-118,-150,-144,-141,-147,-141,-132,-142,-135,-135,-117,-163,-171,-173,-173,-195,-187,-321,-344,-336,-306,-376,-325,-337,-252,-249,-227,-229,-225,-223,-230,-218,-150,-139,-133,-156,0,-74,0,0,0,0,0,-59,-59,-60,-25,-33,0,0,8,8,28,0,66,37,35,51,31,0,0,-45,-46,-42,-36,-72,-68,-89,-85,-157,-152,-160,-156,-160,-157,-146,-159,-147,-130,-152,-129,-163,-158,-189,-140,-192,-147,-150,-144,-141,-141,-142,-141,-141,-113,-144,0,-125,-124,-180,-129,-156,-147,-141,-121,-156,-129,-154,-139,-172,-134,-152,0,-168,-143,-255,-247,-776,-768,-768,-754,-739,-722,-1390,-1289,-1666,-1540,-1454,-1429,-1173,-1093,-5726,-5718,-29991,-29992,-29995,-29996]} 1. e4 c5 2. Nf3 e6 3. d4 cxd4 4. Nxd4 a6 5. c4 Nf6 6. Nc3 Qc7 7. Be2 b6 {B41: Sicilian: Kan Variation: 5 c4} 8. Qd3 (8. f4 Bb7 9. e5 Ne4 10. Nxe4 Bxe4 11. Bf3 Bb4+ 12. Kf2 Bxf3 13. Qxf3 Nc6 14. Nxc6 dxc6 15. Be3 {½-½ (50) Duda,J (2737)-Yu,Y (2762) Danzhou 2018}) 8... Bb7 9. f4 Bb4 10. Bf3 d6 {LiveBook: 3 Games} 11. Nc2 Bxc3+ $1 12. bxc3 $146 ({Predecessor:} 12. Qxc3 O-O 13. e5 dxe5 14. Qxe5 Qxe5+ 15. fxe5 Bxf3 16. gxf3 {1-0 (78) Nestorovic,N (2476)-Colas,J (2285) Philadelphia 2018}) 12... Nbd7 {aiming for ...Nc5.} 13. Ba3 $1 {[%cal Ra3d6]} Rc8 14. Ne3 Nc5 15. Bxc5 $1 dxc5 16. g3 (16. e5 $11 Rd8 17. Qe2) 16... Rd8 $36 {[%mdl 2048] White is under pressure.} 17. Qc2 Bc6 {[%cal Bb7c6,Bc6d7,Bd7h3][%mdl 32]} 18. O-O Qb7 {[%cal Rc6e4]} 19. Nd5 exd5 20. cxd5 Bd7 21. c4 Bh3 $1 {[%cal Rh3f1]} 22. Rfe1 Ng4 23. e5 O-O 24. Qe2 h5 25. Rab1 Rfe8 26. d6 Qa7 $1 27. Bc6 Re6 $1 28. Bd5 {[#]} Rdxd6 $1 {[%mdl 512]} 29. Bxe6 (29. exd6 Rxe2) 29... Rxe6 30. Rbd1 {intending Rd8+.} Re8 31. Qe4 (31. Rd6 $142) 31... Nh6 $19 {[%cal Bg4h6,Bh6f5,Bf5d4][%mdl 32]} 32. Rd2 Bg4 33. Kg2 Bc8 34. Kf2 Qe7 35. Qc6 Nf5 36. Qxb6 Nd4 37. Rb1 Bf5 38. Rbb2 Be4 39. Qd6 Qa7 40. Rb6 Rc8 $2 (40... Bh1 $17 41. Qxc5 Ne6) 41. Rdb2 {[#]} (41. Rxa6 $11 {keeps the balance.} Qb7 42. Rb6) 41... Kh7 (41... Nf5 $1 $17 {[%cal Rf5d6]} 42. Rxa6 Nxd6 43. Rxa7 Nxc4) 42. Rxa6 $11 Qc7 43. Qxc7 Rxc7 44. a4 (44. Rbb6 $11) 44... Bd3 $15 {[%mdl 1024] Black has compensation.} 45. a5 Bxc4 46. Ra8 $1 Bd5 47. Rd8 Bc6 48. a6 Ne6 49. Rd6 Nd4 (49... c4 $1 $11) 50. Rb8 Ra7 51. Rb6 Be4 52. Rd8 Bd3 53. Rc8 (53. Rdd6 {with more complications.} Be4) 53... Bxa6 54. Rxc5 {Ra5 is the strong threat.} Bb7 55. Rb2 {Threatens to win with Rc7.} Ne6 56. Rcb5 Be4 57. R5b4 ({White should play} 57. Ke3 Bg6 58. Rb7) 57... Nc5 $17 58. Ke3 Bf5 59. Rb5 Ra3+ 60. Kd4 Ne6+ 61. Kc4 Rf3 {And now ...Bd3+ would win.} 62. Rd2 Rf1 63. Rbb2 Rc1+ 64. Kb5 Kg6 65. Rd6 (65. Ra2 $17) 65... Be4 66. Kb6 Rc4 67. Kb5 Rc3 68. Kb4 Rc1 69. Ra2 Rc7 70. Rad2 Rc1 (70... Bf5 $17) 71. Rd1 (71. Ra2 $1 $11) 71... Rc8 72. Ra1 (72. R1d4 $17 Kf5 73. Rc4 Rxc4+ 74. Kxc4) 72... Rc7 (72... Rc2 $19 73. h4 Re2) 73. Rad1 Bf5 74. R1d2 Rc8 75. Rb6 Rh8 76. Rd7 h4 {[%cal Bh5h4,Bh4h3,Bh3h2][%mdl 32]} 77. Rbb7 Nd8 78. Rd6+ Ne6 79. Rdd7 $1 Rf8 80. Re7 {[#]} (80. Kb5 $17 {was worth a try.}) 80... h3 $1 $19 81. Kc3 $2 (81. Red7 Rc8 82. Rd2 (82. Rxf7 $2 Rc2 $19)) 81... Rc8+ 82. Kd2 Rc2+ 83. Ke3 Rxh2 84. Rxf7 Ra2 85. Rfd7 h2 86. Rd1 Ra3+ 87. Kf2 Be4 88. Rb6 Kf5 89. g4+ Kxf4 90. Rxe6 Ra2+ {Precision: White = 43%, Black = 66%.} 0-1

[Event "FIDE WCC 2018"]
[Site "Khanty-Mansiysk"]
[Date "2018.11.14"]
[Round "4.5"]
[White "Muzychuk, Mariya"]
[Black "Abdumalik, Zhansaya"]
[Result "1-0"]
[WhiteElo "2545"]
[BlackElo "2473"]
[Annotator "TA"]
[PlyCount "269"]
[EventDate "2018.11.03"]
[EventType "k.o."]
[EventCountry "RUS"]
[SourceTitle "playchess.com"]
[Source "ChessBase"]
[SourceQuality "1"]

{[%evp 14,269,50,40,43,18,18,18,15,23,41,30,31,-150,0,0,15,-1,-7,-5,-9,-12,-7,-2,-8,0,0,0,0,0,23,0,34,0,32,14,60,45,64,16,54,14,49,0,66,66,66,68,75,71,70,83,75,64,66,60,101,88,147,51,50,47,45,46,47,58,44,49,58,59,56,56,55,56,70,68,68,68,72,64,68,24,22,0,73,23,31,19,68,64,64,58,68,68,83,70,219,212,205,190,274,186,213,173,196,78,82,77,158,150,168,91,137,118,140,120,362,318,665,637,592,421,398,363,254,112,120,69,69,0,119,69,69,63,143,135,156,157,150,62,62,62,62,62,64,65,69,53,58,8,8,8,8,0,8,0,8,0,0,0,0,0,43,0,0,0,0,0,0,0,0,0,0,0,0,0,0,0,0,0,0,0,0,0,0,0,0,0,0,0,0,0,0,0,0,0,0,0,0,0,0,0,0,0,0,0,0,0,0,0,0,0,0,0,0,0,0,0,0,0,0,0,8,0,0,0,0,0,0,0,0,0,0,0,0,0,0,0,0,0,0,0,0,0,0,0,0,0,0,0,0,0,0,0,0,0,0,0]} 1. e4 c5 2. Nf3 e6 3. d4 cxd4 4. Nxd4 a6 5. c4 Nf6 6. Nc3 Qc7 7. Be2 Bb4 8. Nc2 {LiveBook: 44 Games} Bd6 {B41: Sicilian: Kan Variation: 5 c4} (8... Bxc3+ 9. bxc3 d6 10. f3 O-O 11. O-O Nbd7 12. Qd4 e5 13. Qf2 Nc5 14. Bg5 Nfd7 15. a4 f6 16. Be3 {0-1 (57) Ganguly,S (2652)-Bocharov,D (2573) Ulaanbaatar 2018}) 9. h3 $146 ({Predecessor:} 9. Be3 Nc6 10. Qd2 O-O 11. f4 e5 12. f5 Nb4 13. a3 Nxc2+ 14. Qxc2 b5 15. c5 Bxc5 16. Nd5 Nxd5 17. Qxc5 Qxc5 18. Bxc5 {1-0 (60) Marek,M (2398)-Pomini,A (2273) Porto Carras 2015}) 9... b6 10. O-O Bb7 11. Bd3 Bf4 12. Qe2 {And now Bxf4 would win.} Nc6 {[%cal Bb8c6,Bc6e5,Be5d3][%mdl 32]} 13. g3 $2 {[#]} (13. Bxf4 $14 {keeps the upper hand.} Qxf4 14. Rad1) 13... Bxc1 $2 ({Black should try} 13... Bxg3 $1 $17 {[%mdl 512]} 14. f4 (14. fxg3 Qxg3+ 15. Qg2 Qxd3 $17) 14... d6) 14. Raxc1 $11 Ne5 15. f4 Nxd3 16. Qxd3 d6 17. Nd4 {[%cal Bc2d4,Bd4e2,Be2g3][%mdl 32]} O-O 18. Kh2 Rac8 19. b3 Nd7 20. Qe3 Rfe8 21. Rfd1 Qb8 22. Nde2 Red8 23. g4 Nc5 24. Ng3 Qc7 25. g5 Qe7 26. Rg1 Re8 27. h4 {[%cal Bh3h4,Bh4h5][%mdl 32]} g6 28. h5 (28. Rgd1 {feels hotter.} Red8 29. Rd2 f6 30. Rcd1 Bc6 31. Kh3) 28... d5 (28... f6 $11) 29. exd5 $14 exd5 30. Qxe7 Rxe7 31. Nxd5 Bxd5 32. cxd5 Rd8 33. Rcd1 a5 34. h6 f5 35. gxf6 Red7 (35... Rf7 $142) 36. f5 ({White should play} 36. Nf5 $16) 36... Kf7 37. fxg6+ hxg6 38. Kg2 Rxd5 39. Rxd5 Rxd5 {[%mdl 4096] Endgame KRN-KRN} 40. h7 Rd8 41. Rd1 Rh8 42. Rd6 $1 Rxh7 43. Rxb6 Rh4 44. Rb5 Ne6 45. Rxa5 Kxf6 46. Kf2 g5 47. Ra8 Ke5 48. Ra5+ (48. Kf3 $11) 48... Kf6 $16 49. a3 {[%cal Ba2a3,Ba3a4,Ba4a5][%mdl 32]} Rh2+ 50. Ke3 Rb2 51. Ne4+ Kg6 52. Rb5 g4 53. a4 Ra2 54. a5 Ra3 (54... Ra1 $14) 55. Kd3 $1 $18 Ra1 56. Re5 Nf4+ (56... Kf7 {was called for.} 57. Rf5+ Ke7) 57. Ke3 Nh5 {[#]} 58. Rg5+ $1 Kh6 {[#]} 59. Rxg4 (59. Rb5 $1 $18 {and the rest is easy.}) 59... Rxa5 $16 60. Kd4 Ra1 (60... Ng7 $142) 61. b4 {[%cal Bb3b4,Bb4b5][%mdl 32]} Ng7 62. Kc5 (62. Nd6 $18) 62... Ne6+ 63. Kb6 Rb1 64. Nc5 Kh5 $2 (64... Ng7 $16 65. b5 Nf5) 65. Rc4 $18 ({And not} 65. Nxe6 Kxg4 66. b5 Rc1 $11) 65... Nd8 $2 (65... Ng7 66. b5 Nf5) 66. b5 Nf7 67. Ne4 Kg6 68. Rc6+ Kg7 69. Rc7 (69. Re6 $18 {and White stays clearly on top.}) 69... Kf8 $16 70. Rc8+ ({Better is} 70. Nd2 $16 Rd1 71. Nc4) 70... Ke7 $14 71. Rc7+ Kf8 $1 72. Nc3 Rb3 73. Rc6 Nd8 (73... Ne5 $14 74. Rc8+ Ke7) 74. Rc8 $16 Ke7 75. Nd5+ Kd7 76. Rc7+ (76. Rc1 $16) 76... Kd6 $14 77. Nc3 Ne6 78. Rc6+ Kd7 79. Rc4 $1 Kd6 $1 80. Na4 {Threatens to win with Nc5.} Ra3 81. Nc5 Kd5 82. Rc1 {Hoping for Nxe6.} Nd4 83. Rd1 {Ne6! is the strong threat.} Kc4 84. Rc1+ Kd5 85. Na6 {aiming for Nb4+.} Nxb5 86. Kxb5 $11 {KRN-KR} Rb3+ 87. Nb4+ Kd4 88. Rc4+ Ke5 $1 {The position is equal.} 89. Kc5 Rb1 90. Nc6+ Ke6 91. Re4+ Kf5 92. Re8 Rc1+ 93. Kd5 Rd1+ 94. Nd4+ Kf4 95. Rf8+ Kg4 96. Ke4 Re1+ 97. Kd3 Re7 98. Rf1 Re8 99. Rf7 Rd8 100. Re7 Ra8 101. Ke4 Kg5 102. Re6 Ra4 103. Rb6 Rc4 104. Ra6 Rb4 105. Ke5 Rb1 106. Nc2 Rb3 107. Ke4 Rb8 108. Re6 Ra8 109. Nd4 Ra4 110. Rb6 Rc4 111. Ra6 Rb4 112. Ra5+ Kg4 113. Ra1 Kg5 114. Ke5 Kg6 115. Rg1+ Kf7 116. Rf1+ Kg6 117. Rf6+ Kg5 118. Rf4 {White threatens Ne6+ and mate.} Rb1 119. Ne6+ Kg6 120. Rg4+ Kf7 121. Rg7+ Ke8 122. Nc7+ (122. Nd4 {with more complications.} Rd1 123. Nc2 Rh1 124. Rb7 Rh5+ 125. Ke6) 122... Kf8 123. Rd7 Re1+ 124. Kd6 (124. Kf6 {is interesting.} Rf1+ 125. Ke6 Re1+ 126. Kd6 Rd1+ 127. Ke6) 124... Rd1+ 125. Nd5 Re1 126. Ra7 Re2 127. Nf4 Re1 128. Ne6+ Kg8 129. Rg7+ Kh8 130. Rf7 Ra1 131. Re7 Rd1+ 132. Ke5 {Intending Kf6 and mate.} Re1+ 133. Kf6 {Re8+ would kill now.} Rf1+ 134. Kg6 {White wants to mate with Re8+.} Rg1+ 135. Ng5 {[%mdl 32768] Precision: White = 41%, Black = 63%. . Loss on Time!?} 1-0

[Event "FIDE WCC 2018"]
[Site "Khanty-Mansiysk"]
[Date "2018.11.14"]
[Round "4.6"]
[White "Abdumalik, Zhansaya"]
[Black "Muzychuk, Mariya"]
[Result "1-0"]
[WhiteElo "2473"]
[BlackElo "2545"]
[Annotator "TA"]
[PlyCount "61"]
[EventDate "2018.11.03"]
[EventType "k.o."]
[EventCountry "RUS"]
[SourceTitle "playchess.com"]
[Source "ChessBase"]
[SourceQuality "1"]

{[%evp 21,61,10,7,-16,-13,-27,-23,-70,-46,-63,-53,-64,-75,-78,-40,-34,-34,-28,-10,-10,-12,-23,-20,-10,1,0,58,55,92,96,140,125,590,568,608,527,601,578,1135,1097,1036,1021]} 1. e4 c6 2. d4 d5 3. Nd2 dxe4 4. Nxe4 Bf5 5. Ng3 Bg6 6. h4 h6 7. Nh3 Nf6 8. Nf4 {B18: Classical Caro-Kann: 4...Bf5 sidelines} Bh7 9. Be3 (9. Bc4 e6 10. c3 Nbd7 11. O-O Nb6 12. Bb3 Bd6 13. Qf3 O-O 14. Re1 Nbd5 15. Nd3 a5 16. a3 a4 17. Ba2 b5 18. Bd2 {1-0 (37) Mamedov,R (2689)-Deac,B (2572) Minsk 2017}) 9... e6 10. Bd3 Bxd3 11. Qxd3 Qa5+ {LiveBook: 4 Games} 12. c3 Bd6 13. O-O Nbd7 14. b4 $146 ({Predecessor:} 14. Ne4) 14... Qc7 15. Nfe2 O-O 16. a4 a5 17. b5 c5 18. Ne4 c4 19. Qc2 Nxe4 20. Qxe4 Nf6 21. Qf3 Nd5 22. g3 f5 23. Bf4 Rae8 ({Black should try} 23... Rf6 $1 $11) 24. Rfe1 $14 Rf7 25. h5 Nxf4 26. Nxf4 e5 $2 {[%mdl 8192] [#]} (26... Bxf4 $16 27. gxf4 (27. Qxf4 Qxf4 28. gxf4 b6 $14) 27... Rff8) 27. dxe5 $18 {White is clearly winning.} Rxe5 28. Ng6 Rxe1+ 29. Rxe1 Qd7 30. Qd5 f4 {[#]} 31. Re7 $1 {[%mdl 512] Precision: White = 56%, Black = 29%.} 1-0